000 00726nam a2200241 a 4500
005 20250617063832.0
008 030508s2001 mx r 000 0 spa d
020 _a9681908279
035 _aUPN01000123965
049 _aCG
050 4 _aHX73
_bG5.88
100 1 _aGiddens, Anthony,
_d1938-
_928380
245 1 3 _aLa tercera vía y sus críticos /
_cAnthony Giddens ; tr. de Pedro Cifuentes.
260 _aMéxico :
_bTaurus,
_c2001.
300 _a203 p.
440 0 _aPensamiento
534 _pTraducción de:
_tThe third way and its critics
650 4 _aPOSTCOMUNISMO
650 4 _aGlobalización
_95377
650 4 _aSocialismo
_97360
650 4 _aDerecha e izquierda (Ciencias políticas)
_912041
905 _aLibro
999 _c96144
_d96144